[Event "zonal 1.9 (w)"]
[Site "Alushta UKR"]
[Date "1999.??.??"]
[Round "?"]
[White "Abramchuk, Klavdia"]
[Black "Gaponenko, Inna"]
[Result "0-1"]
[WhiteElo "2170"]
[BlackElo "2406"]
[EventDate "1999.04.27"]
[PlyCount "98"]

1.d4 Nf6 2.c4 g6 3.Nc3 Bg7 4.e4 d6 5.Nf3 O-O 6.Be2 e5 7.O-O Nc6 8.d5 Ne7 
9.Kh1 Ne8 10.a4 h6 11.a5 f5 12.b4 Nf6 13.Nd2 f4 14.c5 g5 15.f3 Rf7 16.Nc4 
Bf8 17.b5 Ng6 18.b6 dxc5 19.bxc7 Qxc7 20.Nb6 axb6 21.d6 Qxd6 22.Bc4 Qxd1 
23.Rxd1 Ne7 24.Nb5 Nc6 25.a6 bxa6 26.Nd6 Nd8 27.Nxc8 Rxc8 28.Bb2 b5 29.
Bxf7+ Nxf7 30.Rxa6 Be7 31.Re6 Rc7 32.Bxe5 Nxe5 33.Rxe5 b4 34.h4 gxh4 35.
Rf5 c4 36.e5 Nd7 37.e6 Nf6 38.Rb5 c3 39.Rc1 Kg7 40.Kg1 Bc5+ 41.Kf1 Nd5 42.
Ke2 Kf6 43.Kd3 Ne3 44.Rh1 Kxe6 45.Ke4 c2 46.Rc1 Bd6 47.Rb6 Rc4+ 48.Kd3 
Rc3+ 49.Ke4 Nf5 0-1

[Event "zonal 1.9 (w)"]
[Site "Alushta UKR"]
[Date "1999.??.??"]
[Round "?"]
[White "Abramchuk, Klavdia"]
[Black "Kostiuk, Tatiana"]
[Result "0-1"]
[WhiteElo "2170"]
[BlackElo "2175"]
[EventDate "1999.04.27"]
[PlyCount "54"]

1.g3 Nf6 2.Bg2 g6 3.e4 e5 4.Nc3 Bg7 5.Nge2 O-O 6.O-O Nc6 7.h3 d6 8.f4 exf4
9.Nxf4 Nd4 10.d3 c6 11.Be3 Ne6 12.Qd2 Nxf4 13.gxf4 d5 14.Qf2 d4 15.Bxd4 
Nxe4 16.Bxg7 Nxf2 17.Bxf8 Nxh3+ 18.Bxh3 Bxh3 19.Rf3 Qb6+ 20.Kh2 Rxf8 21.
Ne4 Qxb2 22.Rg1 Bf5 23.Ng3 Qxc2+ 24.Rg2 Qc5 25.d4 Qd5 26.Re3 Qxd4 27.Nxf5 
Qxf4+ 0-1

[Event "zonal 1.9 (w)"]
[Site "Alushta UKR"]
[Date "1999.??.??"]
[Round "?"]
[White "Abramchuk, Klavdia"]
[Black "Semenova, Lidia"]
[Result "0-1"]
[WhiteElo "2170"]
[BlackElo "2280"]
[EventDate "1999.04.27"]
[PlyCount "106"]

1.e4 e5 2.Nf3 d6 3.d4 Nf6 4.Nc3 Nbd7 5.g3 Be7 6.Bg2 O-O 7.O-O c6 8.a4 Qc7 
9.h3 Re8 10.Be3 Bf8 11.Nh4 g6 12.Qd2 Bg7 13.Rad1 a6 14.dxe5 dxe5 15.Bh6 
Nf8 16.Bxg7 Kxg7 17.Qd6 Qxd6 18.Rxd6 Ne6 19.f4 Nc7 20.Rfd1 Nh5 21.Ne2 exf4
22.gxf4 Ne6 23.Rf1 Nc5 24.Nc3 Ng3 25.Re1 f5 26.Kh2 Ngxe4 27.Nxe4 Nxe4 28.
Rd4 Nf6 29.Rxe8 Nxe8 30.Nf3 Be6 31.Ng5 Bc8 32.Rd3 h6 33.Nf3 Nc7 34.Ne5 Be6
35.c4 Re8 36.h4 Kf6 37.Nd7+ Bxd7 38.Rxd7 Re7 39.Rd6+ Kg7 40.Kg3 a5 41.h5 
gxh5 42.Bh3 Ne8 43.Rd8 Kg6 44.Kf3 Nf6 45.Ra8 Ng4 46.Rxa5 Re3+ 47.Kg2 Rb3 
48.Ra8 h4 49.Bxg4 fxg4 50.Rg8+ Kf5 51.Rf8+ Ke4 52.f5 Rxb2+ 53.Kg1 h3 0-1

[Event "zonal 1.9 (w)"]
[Site "Alushta UKR"]
[Date "1999.??.??"]
[Round "?"]
[White "Abramchuk, Klavdia"]
[Black "Shliahtich, Galina"]
[Result "0-1"]
[WhiteElo "2170"]
[BlackElo "2277"]
[EventDate "1999.04.27"]
[PlyCount "144"]

1.d4 Nf6 2.Nf3 g6 3.h3 c5 4.c3 cxd4 5.cxd4 Bg7 6.Nc3 d5 7.Bf4 O-O 8.e3 Ne4
9.Nxe4 dxe4 10.Nd2 e5 11.dxe5 Qa5 12.a3 Bxe5 13.b4 Qc7 14.Rc1 Qe7 15.Bxe5 
Qxe5 16.Rc5 Qe7 17.Qc2 Bf5 18.g4 Bd7 19.Be2 Bc6 20.b5 Nd7 21.Rc3 Bd5 22.
Rc7 Qd6 23.O-O Bc6 24.Rxd7 Bxd7 25.Nxe4 Qe7 26.Bc4 Rac8 27.Qd3 Rxc4 28.
Qxc4 Bxb5 29.Qxb5 Qxe4 30.Rb1 Rd8 31.Qb4 Qf3 32.Qa5 Rd5 33.Qxa7 Qxh3 34.
Qb8+ Kg7 35.Qf4 h5 36.e4 Rd7 37.gxh5 Qxh5 38.Kg2 Qc5 39.Rc1 Qxa3 40.e5 Qe7
41.Rh1 Kg8 42.e6 fxe6 43.Qe5 Qg7 44.Qb8+ Kf7 45.Rh8 Ke7 46.Re8+ Kf7 47.Rh8
Ke7 48.Re8+ Kf7 49.Rh8 Ke7 50.Rg8 Qf7 51.Qa8 e5 52.Qb8 Qd5+ 53.Kg3 Kf6 54.
Qf8+ Rf7 55.Qc8 Qd3+ 56.Kg2 Qd5+ 57.Kg3 Qd3+ 58.Kg2 Kg5 59.Qc1+ Rf4 60.Re8
Qf3+ 61.Kg1 Qxf2+ 62.Kh1 Qf1+ 63.Qxf1 Rxf1+ 64.Kg2 Re1 65.Kf2 Re4 66.Kf3 
Rf4+ 67.Ke3 Kf6 68.Rf8+ Ke7 69.Rg8 Kf7 70.Rb8 Rb4 71.Rh8 g5 72.Rd8 g4 0-1

[Event "zonal 1.9 (w)"]
[Site "Alushta UKR"]
[Date "1999.??.??"]
[Round "?"]
[White "Alexandrova, Olga"]
[Black "Dolzhikova, Olga"]
[Result "0-1"]
[WhiteElo "2265"]
[BlackElo "2213"]
[EventDate "1999.04.27"]
[PlyCount "80"]

1.d4 Nf6 2.c4 g6 3.Nc3 Bg7 4.e4 d6 5.f4 O-O 6.Nf3 c5 7.d5 e6 8.dxe6 fxe6 
9.Bd3 Nc6 10.O-O b6 11.Bd2 Kh8 12.Qe1 Nb4 13.Bb1 Ba6 14.e5 dxe5 15.fxe5 
Ng4 16.Bg5 Qc7 17.Bxg6 Nxe5 18.Be4 Nxf3+ 19.Rxf3 Rxf3 20.Bxf3 Bd4+ 21.Be3 
Qf4 22.Nd1 Nc2 23.Bxd4+ Qxd4+ 24.Qf2 Nxa1 25.Qxd4+ cxd4 26.Bxa8 Bxc4 27.b3
Bd3 28.Nb2 Bb1 29.Nc4 Bxa2 30.Nd6 Bxb3 31.Kf2 Nc2 32.Be4 a5 33.Nb5 e5 34.
Ke2 Bc4+ 35.Bd3 Bxd3+ 36.Kxd3 Ne1+ 37.Ke4 a4 38.g4 d3 39.Ke3 e4 40.Nc3 a3 
0-1

[Event "zonal 1.9 (w)"]
[Site "Alushta UKR"]
[Date "1999.??.??"]
[Round "?"]
[White "Alexandrova, Olga"]
[Black "Lymar, Irina"]
[Result "0-1"]
[WhiteElo "2265"]
[BlackElo "2305"]
[EventDate "1999.04.27"]
[PlyCount "120"]

1.d4 d6 2.e4 Nd7 3.c4 e5 4.d5 g6 5.Nc3 Bg7 6.Bd3 Ngf6 7.f3 c6 8.Be3 Nc5 9.
Bc2 a5 10.Nge2 cxd5 11.cxd5 Bd7 12.O-O O-O 13.a3 Qb6 14.b3 Rfc8 15.Rb1 Qd8
16.b4 axb4 17.axb4 Na6 18.Bd3 Nh5 19.Nb5 Be8 20.Qd2 Nf4 21.Na7 Rc7 22.Nc3 
f5 23.Nab5 Rf7 24.Bc2 Rc8 25.g3 Nh3+ 26.Kg2 f4 27.Bf2 Nxf2 28.Rxf2 fxg3 
29.hxg3 Rc4 30.Ba4 Bf8 31.Na2 Nc7 32.Na3 Rd4 33.Bxe8 Qxe8 34.Qe2 Qa4 35.
Nc4 Nb5 36.Rb2 Qa6 37.Na5 Qb6 38.Nb3 Bh6 39.Nxd4 Nxd4 40.Qd3 Rc7 41.Nc3 
Bc1 42.Rb1 Bg5 43.Rbb2 h5 44.Ne2 h4 45.Nxd4 exd4 46.Rfc2 hxg3 47.Rxc7 Qxc7
48.Rc2 Qb6 49.Rc4 Be3 50.Kxg3 Qd8 51.f4 Qf8 52.f5 Qh6 53.Rc8+ Kg7 54.Rc7+ 
Kf6 55.Qf1 g5 56.Qh3 Qxh3+ 57.Kxh3 d3 58.Rc3 d2 59.Rd3 Ke5 60.f6 Kxe4 0-1

[Event "zonal 1.9 (w)"]
[Site "Alushta UKR"]
[Date "1999.??.??"]
[Round "?"]
[White "Alexandrova, Olga"]
[Black "Zozulia, Anna"]
[Result "0-1"]
[WhiteElo "2265"]
[BlackElo "2327"]
[EventDate "1999.04.27"]
[PlyCount "82"]

1.d4 Nf6 2.c4 g6 3.Nc3 Bg7 4.e4 d6 5.f3 O-O 6.Be3 c6 7.Bd3 a6 8.Nge2 b5 9.
cxb5 axb5 10.b4 Na6 11.Rb1 Nd7 12.O-O Nc7 13.a4 bxa4 14.Nxa4 e5 15.Qc2 Bb7
16.Rfc1 Ne6 17.dxe5 Nxe5 18.Nb6 Ra3 19.Rb3 Rxb3 20.Qxb3 d5 21.Na4 d4 22.
Bd2 Qh4 23.Nc5 Bh6 24.Be1 Nxc5 25.bxc5 Be3+ 26.Kh1 Qf6 27.Ra1 Nxf3 28.Qxb7
Ne5 29.Bg3 Nxd3 30.Qb1 Nxc5 31.e5 Qf5 32.Qxf5 gxf5 33.Rf1 d3 34.Rf3 d2 35.
Nc3 Ra8 36.Rf1 Nd3 37.h3 Bd4 38.Nb1 f4 39.Bh4 Bf2 40.Bf6 Be1 41.Nc3 Ra1 
0-1

[Event "zonal 1.9 (w)"]
[Site "Alushta UKR"]
[Date "1999.??.??"]
[Round "?"]
[White "Baklanova, Tatiana"]
[Black "Kalinina, Larisa"]
[Result "1-0"]
[WhiteElo "2259"]
[BlackElo "2235"]
[EventDate "1999.04.27"]
[PlyCount "55"]

1.d4 Nf6 2.c4 g6 3.Nc3 Bg7 4.e4 d6 5.f3 Nbd7 6.Bg5 c6 7.Qd2 h6 8.Be3 a6 9.
Rd1 Qa5 10.Nge2 b5 11.Nc1 bxc4 12.Bxc4 h5 13.O-O O-O 14.Nd5 Qd8 15.Nf4 d5 
16.Bb3 e6 17.Qc2 dxe4 18.fxe4 Nb6 19.h3 Bd7 20.Nfe2 Nh7 21.Nd3 Qe7 22.d5 
Qd8 23.dxe6 fxe6 24.Ndf4 Rf6 25.Bxe6+ Kh8 26.e5 Rxf4 27.Nxf4 Qe8 28.Nxg6+ 
1-0

[Event "zonal 1.9 (w)"]
[Site "Alushta UKR"]
[Date "1999.??.??"]
[Round "?"]
[White "Baklanova, Tatiana"]
[Black "Kalinina, Vladislava"]
[Result "0-1"]
[WhiteElo "2259"]
[BlackElo "2199"]
[EventDate "1999.04.27"]
[PlyCount "110"]

1.d4 Nf6 2.c4 d6 3.Nc3 Nbd7 4.e4 e5 5.Nge2 c6 6.d5 Be7 7.f3 Nh5 8.g3 a6 9.
Be3 O-O 10.Qd2 Qc7 11.Rc1 c5 12.h4 Qd8 13.Bf2 Nhf6 14.g4 h5 15.g5 Ne8 16.
Ng3 g6 17.Be2 Rb8 18.a3 Nc7 19.b4 b5 20.bxc5 Nxc5 21.Rb1 Ra8 22.O-O bxc4 
23.Bxc4 Qd7 24.f4 Qg4 25.fxe5 Qxh4 26.Be2 Bxg5 27.Qd4 Bf4 28.exd6 Bxg3 29.
Bxg3 Qxg3+ 30.Kh1 Qxd6 31.e5 N7e6 32.Qe3 Qe7 33.dxe6 Bxe6 34.Rf6 Nd7 35.
Qg5 Nxe5 36.Qxe5 Bd5+ 37.Qxd5 Qxf6 38.Ne4 Qh4+ 39.Kg1 Rfe8 40.Bf3 Rad8 41.
Qc4 Re5 42.Qc7 Rde8 43.Rf1 R5e7 44.Qc4 Rxe4 45.Bxe4 Qg4+ 46.Kh2 Qxe4 47.
Qxf7+ Kh8 48.Qf6+ Kh7 49.Qxa6 Qh4+ 50.Kg1 Re5 51.Rf7+ Kh6 52.Qd3 Rg5+ 53.
Kf1 Qh1+ 54.Ke2 Qg2+ 55.Rf2 Re5+ 0-1

[Event "zonal 1.9 (w)"]
[Site "Alushta UKR"]
[Date "1999.??.??"]
[Round "?"]
[White "Baklanova, Tatiana"]
[Black "Zozulia, Anna"]
[Result "0-1"]
[WhiteElo "2259"]
[BlackElo "2327"]
[EventDate "1999.04.27"]
[PlyCount "116"]

1.d4 d6 2.c4 Nf6 3.Nc3 Nbd7 4.Nf3 g6 5.Bg5 Bg7 6.e3 O-O 7.Be2 h6 8.Bh4 e5 
9.Qc2 c6 10.Rd1 Qc7 11.h3 Re8 12.O-O Nf8 13.Bg3 Nh5 14.Bh2 Qe7 15.Rfe1 e4 
16.Nd2 f5 17.Bxh5 gxh5 18.Ne2 Ng6 19.Nf4 Qg5 20.Nb3 Bd7 21.c5 d5 22.Na5 b6
23.Nb3 Bf8 24.Qe2 Nxf4 25.Bxf4 Qg6 26.Qa6 Bc8 27.Qa4 Bd7 28.Qa6 Bc8 29.Qe2
Be7 30.a3 Kh7 31.Kh2 Rg8 32.Rg1 Bd7 33.Rc1 Qf7 34.Rc2 Qg6 35.Nc1 Qf7 36.
Qd1 Bh4 37.a4 Rac8 38.Qe2 Ra8 39.b4 Qe8 40.Nb3 Be7 41.Rgc1 Qg6 42.Rg1 Qe8 
43.Nd2 Bd8 44.Rb1 Qg6 45.g3 h4 46.Rg1 Qe8 47.Rcc1 hxg3+ 48.Bxg3 Bg5 49.Be5
f4 50.exf4 Qe6 51.Rc3 Bh4 52.Rxg8 Rxg8 53.cxb6 axb6 54.a5 bxa5 55.bxa5 c5 
56.dxc5 Qg6 57.Qf1 Bb5 58.Qh1 Bxf2 0-1

[Event "zonal 1.9 (w)"]
[Site "Alushta UKR"]
[Date "1999.??.??"]
[Round "?"]
[White "Dolzhikova, Olga"]
[Black "Baklanova, Tatiana"]
[Result "1-0"]
[WhiteElo "2213"]
[BlackElo "2259"]
[EventDate "1999.04.27"]
[PlyCount "111"]

1.e4 c5 2.c3 d5 3.exd5 Qxd5 4.d4 Nf6 5.Nf3 Bg4 6.Be2 e6 7.O-O Nc6 8.Be3 
cxd4 9.Nxd4 Bxe2 10.Qxe2 Nxd4 11.Bxd4 Be7 12.Rd1 Qc6 13.c4 O-O 14.Nc3 Rfd8
15.Rac1 Kf8 16.h3 a5 17.b3 Rd7 18.Na4 Re8 19.Bxf6 Bxf6 20.Qh5 e5 21.Rxd7 
Qxd7 22.Rd1 Qc6 23.Qxh7 e4 24.Qh8+ Ke7 25.Qh5 b6 26.Qd5 Qxd5 27.Rxd5 Rb8 
28.Rb5 Bd4 29.c5 e3 30.fxe3 Bxe3+ 31.Kf1 Kd7 32.cxb6 Kc6 33.Rxa5 Re8 34.
Ra7 Bf4 35.g4 Rf8 36.Re7 g5 37.Re4 Rd8 38.Rc4+ Kb7 39.Rc2 Rd1+ 40.Kg2 Re1 
41.Nc5+ Kxb6 42.Nd3 Re4 43.Nxf4 gxf4 44.h4 Re3 45.Kh2 Kb5 46.Rf2 Re4 47.
Kg2 Kb4 48.Kf3 Rd4 49.h5 Ka3 50.h6 Rd3+ 51.Kxf4 Rh3 52.Kg5 Rh1 53.Rxf7 
Kxa2 54.b4 Ka3 55.b5 Rb1 56.Rf5 1-0

[Event "zonal 1.9 (w)"]
[Site "Alushta UKR"]
[Date "1999.??.??"]
[Round "?"]
[White "Dolzhikova, Olga"]
[Black "Sedina, Elena"]
[Result "1/2-1/2"]
[WhiteElo "2213"]
[BlackElo "2374"]
[EventDate "1999.04.27"]
[PlyCount "97"]

1.e4 c5 2.c3 e6 3.d3 Nc6 4.Nf3 d6 5.g3 Nf6 6.Bg2 Be7 7.O-O O-O 8.Re1 Re8 
9.d4 d5 10.exd5 exd5 11.Be3 cxd4 12.Nxd4 Bg4 13.Qb3 Bc5 14.Nd2 Qd7 15.Qb5 
Bxd4 16.Bxd4 Nxd4 17.Qxd7 Bxd7 18.cxd4 Rac8 19.Rxe8+ Bxe8 20.Nf1 Rc2 21.
Ne3 Rxb2 22.Nxd5 Nxd5 23.Bxd5 Kf8 24.Rc1 b5 25.Rc8 Ke7 26.Ra8 Kd6 27.Be4 
Bd7 28.Rxa7 Rb4 29.Bd5 f6 30.Bg8 Rxd4 31.Bxh7 Bc6 32.f4 Rd1+ 33.Kf2 Rd2+ 
34.Ke3 Rxh2 35.Bg8 g5 36.fxg5 fxg5 37.Rg7 Rh5 38.Bf7 Rh2 39.Rxg5 Rh7 40.
Bb3 Re7+ 41.Kf4 Re4+ 42.Kf5 Re2 43.Rg6+ Kc5 44.Kf6 Be4 45.Rg7 Bb1 46.Rg5+ 
Kb4 47.Rg4+ Kc3 48.Rg5 b4 49.Rc5+ 1/2-1/2

[Event "zonal 1.9 (w)"]
[Site "Alushta UKR"]
[Date "1999.??.??"]
[Round "?"]
[White "Dolzhikova, Olga"]
[Black "Zozulia, Anna"]
[Result "1/2-1/2"]
[WhiteElo "2213"]
[BlackElo "2327"]
[EventDate "1999.04.27"]
[PlyCount "91"]

1.e4 c5 2.c3 d6 3.d4 Nf6 4.Bd3 g6 5.Nf3 Bg7 6.h3 O-O 7.O-O Nc6 8.d5 Nb8 9.
Be3 e5 10.dxe6 fxe6 11.Re1 Qc7 12.Qc1 Nc6 13.a4 Nh5 14.Na3 a6 15.Qd2 Bd7 
16.Rad1 Ne5 17.Be2 Nf7 18.b3 Nf6 19.Bd3 Bc6 20.Bf4 Nh5 21.Be3 Qa5 22.Rc1 
d5 23.Ng5 d4 24.cxd4 Qxd2 25.Bxd2 Nxg5 26.Bxg5 Bxd4 27.Rc2 Nf4 28.Bf1 Rf7 
29.Nc4 Raf8 30.Bh6 Nxh3+ 31.Kh2 Rxf2 32.Rxf2 Bxf2 33.Rd1 Rb8 34.gxh3 Bxe4 
35.Rd7 Bd4 36.Bg5 Bd5 37.Rd8+ Rxd8 38.Bxd8 b5 39.axb5 axb5 40.Nd2 Be5+ 41.
Kg1 Bd4+ 42.Kh2 Be5+ 43.Kg1 Bf4 44.Ba5 Be3+ 45.Kh2 Bf4+ 46.Kg1 1/2-1/2

[Event "zonal 1.9 (w)"]
[Site "Alushta UKR"]
[Date "1999.??.??"]
[Round "?"]
[White "Dubinka, Inna"]
[Black "Abramchuk, Klavdia"]
[Result "1-0"]
[WhiteElo "2340"]
[BlackElo "2170"]
[EventDate "1999.04.27"]
[PlyCount "73"]

1.d4 Nf6 2.c4 c5 3.d5 b5 4.cxb5 a6 5.bxa6 g6 6.Nc3 Bxa6 7.Nf3 Bg7 8.e4 
Bxf1 9.Kxf1 d6 10.g3 O-O 11.Kg2 Nbd7 12.Re1 Ng4 13.Nd2 Nge5 14.Qe2 Nb6 15.
f4 Ned7 16.a4 Ra7 17.a5 Na8 18.Nc4 Nc7 19.Qg4 Qa8 20.e5 Ra6 21.Ra3 Rb8 22.
exd6 exd6 23.Re7 Rd8 24.Nb6 Nxb6 25.axb6 Rxa3 26.bxc7 Rxc3 27.bxc3 Rf8 28.
f5 Bf6 29.Rd7 Qa2+ 30.Kh3 g5 31.Bxg5 Bxg5 32.Qh5 Be7 33.Rxe7 Qa6 34.Qg5+ 
Kh8 35.f6 Qc8+ 36.Qg4 h5 37.Qxc8 1-0

[Event "zonal 1.9 (w)"]
[Site "Alushta UKR"]
[Date "1999.??.??"]
[Round "?"]
[White "Dubinka, Inna"]
[Black "Karlovich, Anastasia"]
[Result "1/2-1/2"]
[WhiteElo "2340"]
[BlackElo "2246"]
[EventDate "1999.04.27"]
[PlyCount "95"]

1.d4 Nf6 2.Nf3 c5 3.e3 e6 4.Bd3 Nc6 5.O-O b6 6.b3 Bb7 7.a3 d5 8.Bb2 Bd6 9.
c4 O-O 10.Nc3 a6 11.Rc1 Rc8 12.cxd5 Nxd5 13.Nxd5 exd5 14.dxc5 bxc5 15.Qe2 
a5 16.Rfd1 Re8 17.Bb1 Ne5 18.Nxe5 Bxe5 19.Bxh7+ Kxh7 20.Qh5+ Kg8 21.Bxe5 
Qe7 22.Bb2 Rc6 23.Rxd5 Rg6 24.Re5 Rxg2+ 25.Kf1 Qd7 26.Rxe8+ Qxe8 27.Rxc5 
Qe4 28.f3 Qxf3+ 29.Qxf3 Bxf3 30.Be5 f6 31.Bg3 Rb2 32.Rxa5 Rxb3 33.Kf2 Bc6 
34.Ra7 Rb2+ 35.Ke1 Ra2 36.Bd6 Bb5 37.Kd1 Bc6 38.Kc1 Re2 39.Rc7 Ba4 40.Rc4 
Re1+ 41.Kb2 Re2+ 42.Kc1 Bb3 43.Rc3 Ba4 44.Bg3 Ra2 45.Rc4 Bb5 46.Rb4 Bc6 
47.Bd6 Kf7 48.Rb2 1/2-1/2

[Event "zonal 1.9 (w)"]
[Site "Alushta UKR"]
[Date "1999.??.??"]
[Round "?"]
[White "Dubinka, Inna"]
[Black "Semenova, Lidia"]
[Result "1/2-1/2"]
[WhiteElo "2340"]
[BlackElo "2280"]
[EventDate "1999.04.27"]
[PlyCount "70"]

1.d4 d5 2.Nf3 Bf5 3.c4 e6 4.Nc3 Nf6 5.Bg5 c6 6.e3 Nbd7 7.Bd3 Bxd3 8.Qxd3 
Qa5 9.O-O Qa6 10.b3 Bb4 11.Bxf6 Nxf6 12.a3 Be7 13.Ne5 O-O 14.b4 dxc4 15.
Qxc4 Qxc4 16.Nxc4 Rfc8 17.Rfc1 Nd7 18.Kf1 f6 19.Ke2 Nb6 20.Na5 Rab8 21.Ne4
Nd7 22.Rc2 e5 23.Nc5 Nxc5 24.dxc5 Rc7 25.e4 Rd8 26.Rd1 Rxd1 27.Kxd1 Kf8 
28.Ke2 Ke8 29.Nc4 Rd7 30.Rd2 Rxd2+ 31.Kxd2 Kd7 32.Kc3 Kc7 33.g4 b6 34.
cxb6+ axb6 35.a4 b5 1/2-1/2

[Event "zonal 1.9 (w)"]
[Site "Alushta UKR"]
[Date "1999.??.??"]
[Round "?"]
[White "Dubinka, Inna"]
[Black "Zhukova, Natalia"]
[Result "0-1"]
[WhiteElo "2340"]
[BlackElo "2456"]
[EventDate "1999.04.27"]
[PlyCount "88"]

1.d4 d5 2.c4 c6 3.Nf3 Nf6 4.e3 Bf5 5.Bd3 Bxd3 6.Qxd3 e6 7.Nc3 Bb4 8.O-O 
O-O 9.Bd2 Qa5 10.a3 Bxc3 11.Bxc3 Qa6 12.b3 Nbd7 13.Nd2 Rfd8 14.Qc2 Rac8 
15.e4 dxe4 16.Nxe4 Nxe4 17.Qxe4 b5 18.Rfc1 bxc4 19.bxc4 Nb6 20.Bb4 Qa4 21.
Qg4 Rd7 22.d5 cxd5 23.Bc3 f5 24.Qe2 Re8 25.cxd5 Nxd5 26.Be5 Nf4 27.Bxf4 
Qxf4 28.Rd1 Rc7 29.g3 Qa4 30.Qe5 Rc2 31.Rab1 Ra2 32.Rd6 Qc2 33.Qe1 Qc5 34.
Rxe6 Rf8 35.Re7 Rxf2 36.Qxf2 Qxe7 37.Qa2+ Kh8 38.Qb3 h6 39.Rd1 f4 40.gxf4 
Rxf4 41.Qb8+ Rf8 42.Qg3 Qb7 43.Re1 Qb6+ 44.Qe3 Re8 0-1

[Event "zonal 1.9 (w)"]
[Site "Alushta UKR"]
[Date "1999.??.??"]
[Round "?"]
[White "Gaponenko, Inna"]
[Black "Kalinina, Vladislava"]
[Result "1/2-1/2"]
[WhiteElo "2406"]
[BlackElo "2199"]
[EventDate "1999.04.27"]
[PlyCount "125"]

1.e4 c5 2.Nf3 Nc6 3.d4 cxd4 4.Nxd4 Nf6 5.Nc3 e5 6.Ndb5 d6 7.Bg5 a6 8.Na3 
b5 9.Nd5 Be7 10.Bxf6 Bxf6 11.c3 Bb7 12.Nc2 Nb8 13.a4 bxa4 14.Rxa4 Nd7 15.
Rb4 Rb8 16.Nce3 O-O 17.Bc4 Nc5 18.Rxb7 Rxb7 19.b4 Nd7 20.Bxa6 Ra7 21.Bc4 
Bg5 22.Nf5 Nb6 23.Nxb6 Qxb6 24.O-O Qc6 25.Bd5 Qxc3 26.b5 g6 27.Qg4 Bd2 28.
b6 Ra1 29.g3 Rxf1+ 30.Kxf1 Qb4 31.b7 Kh8 32.Ne7 f5 33.Qf3 Qb5+ 34.Kg2 Qd7 
35.Qb3 Qxe7 36.b8=Q Rxb8 37.Qxb8+ Kg7 38.exf5 gxf5 39.Qg8+ Kf6 40.h4 e4 
41.Kf1 Bh6 42.Ke2 Qd7 43.Bc4 Qb7 44.Qe6+ Kg7 45.Kf1 f4 46.gxf4 e3 47.fxe3 
Qb1+ 48.Kf2 Qc2+ 49.Kf3 Qd1+ 50.Ke4 Qb1+ 51.Kd4 Qb2+ 52.Kd5 Qf6 53.Kxd6 
Bxf4+ 54.exf4 Qxf4+ 55.Kd7 Qd4+ 56.Bd5 Qa7+ 57.Kc8 Qc5+ 58.Kd8 Qa5+ 59.Ke8
Qb5+ 60.Bc6 Qb8+ 61.Ke7 Qf8+ 62.Kd7 Qf7+ 63.Qxf7+ 1/2-1/2

[Event "zonal 1.9 (w)"]
[Site "Alushta UKR"]
[Date "1999.??.??"]
[Round "?"]
[White "Gaponenko, Inna"]
[Black "Kostiuk, Tatiana"]
[Result "0-1"]
[WhiteElo "2406"]
[BlackElo "2175"]
[EventDate "1999.04.27"]
[PlyCount "84"]

1.e4 Nf6 2.e5 Nd5 3.d4 d6 4.Nf3 Nc6 5.c4 Nb6 6.e6 fxe6 7.Ng5 e5 8.d5 Nd4 
9.Bd3 g6 10.Nc3 Bg7 11.Nxh7 Bf5 12.Ng5 Qd7 13.Be3 c6 14.a4 Bxd3 15.Qxd3 
Qf5 16.Nge4 Rc8 17.Rc1 Kd7 18.dxc6+ Rxc6 19.Nb5 Rxc4 20.O-O Qxe4 21.Qxe4 
Ne2+ 22.Kh1 Rxe4 23.Rc7+ Ke6 24.h3 Rxe3 25.fxe3 Ng3+ 26.Kg1 Nxf1 27.Kxf1 
Nxa4 28.Rxb7 a5 29.Nc7+ Kf7 30.Nd5 Bf6 31.Rb5 Rc8 32.Rxa5 Nxb2 33.Ra7 e4 
34.Kf2 Nd3+ 35.Kg3 Ke6 36.Nc7+ Kf5 37.Kh2 Be5+ 38.g3 Rb8 39.Ra2 Rb2+ 40.
Rxb2 Nxb2 41.Kg2 Nd1 42.g4+ Kg5 0-1

[Event "zonal 1.9 (w)"]
[Site "Alushta UKR"]
[Date "1999.??.??"]
[Round "?"]
[White "Gaponenko, Inna"]
[Black "Sedina, Elena"]
[Result "1/2-1/2"]
[WhiteElo "2406"]
[BlackElo "2374"]
[EventDate "1999.04.27"]
[PlyCount "98"]

1.e4 e6 2.d4 d5 3.Nc3 Bb4 4.Ne2 dxe4 5.a3 Bxc3+ 6.Nxc3 Nc6 7.d5 exd5 8.
Qxd5 Qe7 9.Bg5 Nf6 10.Bxf6 Qxf6 11.Qxe4+ Be6 12.O-O-O O-O 13.Bd3 Qh6+ 14.
f4 Rfe8 15.h3 Rad8 16.Rhe1 Bd7 17.Qc4 Rxe1 18.Rxe1 Be6 19.Qe4 g6 20.Qe3 
Ne7 21.Qe5 c6 22.Qf6 Re8 23.g4 Qxh3 24.f5 Qg3 25.Re2 Qf4+ 26.Kd1 Nd5 27.
Nxd5 cxd5 28.c3 Bd7 29.Rxe8+ Bxe8 30.g5 Ba4+ 31.Ke2 Qg4+ 32.Ke3 gxf5 33.
Bxf5 Qg3+ 34.Kd4 Qf4+ 35.Kc5 b6+ 36.Kxd5 Qf3+ 37.Ke5 Qe2+ 38.Kd6 Qh2+ 39.
Kd5 Qd2+ 40.Kc4 Qe2+ 41.Kd4 Qd2+ 42.Kc4 Qf4+ 43.Kd5 Bb3+ 44.Kc6 Qf3+ 45.
Kd6 Qf4+ 46.Qe5 Qd2+ 47.Kc7 Qxb2 48.Qe8+ Kg7 49.Qe5+ Kg8 1/2-1/2

[Event "zonal 1.9 (w)"]
[Site "Alushta UKR"]
[Date "1999.??.??"]
[Round "?"]
[White "Kalinina, Larisa"]
[Black "Abramchuk, Klavdia"]
[Result "0-1"]
[WhiteElo "2235"]
[BlackElo "2170"]
[EventDate "1999.04.27"]
[PlyCount "80"]

1.e4 e6 2.d3 d5 3.Qe2 Ne7 4.g3 g6 5.Bg2 Bg7 6.f4 c5 7.Nf3 O-O 8.O-O Nbc6 
9.Nbd2 b5 10.h3 a5 11.Kh2 a4 12.a3 Bb7 13.Qf2 Rc8 14.e5 Na5 15.d4 Nf5 16.
c3 cxd4 17.cxd4 Nc4 18.Nb1 Na5 19.Nc3 Nb3 20.Rb1 Qb6 21.Rd1 f6 22.Be3 fxe5
23.fxe5 b4 24.axb4 Qxb4 25.Na2 Qb6 26.Nc1 Ba6 27.Nd3 Nxe3 28.Qxe3 Rc2 29.
Nfe1 Rc4 30.Nf4 Bh6 31.Nxd5 Bxe3 32.Nxb6 Rxd4 33.Rxd4 Bxd4 34.Nxa4 Rf2 35.
Nf3 Bb7 36.Kh1 Bxf3 37.Bxf3 Rxf3 38.Rd1 Rxg3 39.Kh2 Bxe5 40.Rd8+ Kg7 0-1

[Event "zonal 1.9 (w)"]
[Site "Alushta UKR"]
[Date "1999.??.??"]
[Round "?"]
[White "Kalinina, Larisa"]
[Black "Dubinka, Inna"]
[Result "1/2-1/2"]
[WhiteElo "2235"]
[BlackElo "2340"]
[EventDate "1999.04.27"]
[PlyCount "56"]

1.e4 c5 2.Nf3 Nc6 3.d4 cxd4 4.Nxd4 Nf6 5.Nc3 e5 6.Ndb5 d6 7.Bg5 a6 8.Na3 
b5 9.Nd5 Be7 10.Bxf6 Bxf6 11.c3 O-O 12.Nc2 Bg5 13.h4 Bh6 14.g4 Bf4 15.Qf3 
Re8 16.Be2 Bb7 17.Rd1 Ne7 18.Nxe7+ Qxe7 19.Nb4 Rec8 20.Nd5 Bxd5 21.Rxd5 
Bc1 22.b3 Bb2 23.c4 Qd8 24.O-O b4 25.g5 Bd4 26.Qg4 Rc5 27.Bd3 Ra5 28.Bb1 
Rc5 1/2-1/2

[Event "zonal 1.9 (w)"]
[Site "Alushta UKR"]
[Date "1999.??.??"]
[Round "?"]
[White "Kalinina, Larisa"]
[Black "Gaponenko, Inna"]
[Result "0-1"]
[WhiteElo "2235"]
[BlackElo "2406"]
[EventDate "1999.04.27"]
[PlyCount "74"]

1.e4 c5 2.Nf3 d6 3.d4 cxd4 4.Nxd4 Nf6 5.Nc3 g6 6.Be3 Bg7 7.f3 O-O 8.Qd2 
Nc6 9.g4 Be6 10.O-O-O Rc8 11.h4 Qa5 12.a3 Ne5 13.h5 Nxf3 14.Nxf3 Nxg4 15.
Nd5 Qxd2+ 16.Bxd2 Bxd5 17.exd5 Nf2 18.Bh3 Nd3+ 19.Kb1 Nxb2 20.hxg6 hxg6 
21.Rde1 Rc7 22.Re4 Nc4 23.Bc1 Nb6 24.Bb2 Nxd5 25.Rh4 Bxb2 26.Kxb2 Kg7 27.
Nd4 e5 28.Nb5 Rc6 29.Nxa7 Rb6+ 30.Kc1 Nf4 31.Bf1 Ra8 32.Nb5 d5 33.Kd2 Ra4 
34.Rh8 Nh5 35.Rd8 Ng3 36.Nc3 Rd4+ 37.Ke3 Nxh1 0-1

[Event "zonal 1.9 (w)"]
[Site "Alushta UKR"]
[Date "1999.??.??"]
[Round "?"]
[White "Kalinina, Larisa"]
[Black "Matiushina, Zoya"]
[Result "1/2-1/2"]
[WhiteElo "2235"]
[BlackElo "2214"]
[EventDate "1999.04.27"]
[PlyCount "90"]

1.e4 c5 2.Nf3 Nc6 3.d4 cxd4 4.Nxd4 Nf6 5.Nc3 e5 6.Ndb5 d6 7.Bg5 a6 8.Na3 
b5 9.Nd5 Be7 10.Bxf6 Bxf6 11.c3 O-O 12.Nc2 Bg5 13.a4 bxa4 14.Rxa4 a5 15.b4
Be6 16.b5 Ne7 17.h4 Bh6 18.g4 Bxd5 19.exd5 Bf4 20.c4 f5 21.gxf5 Nxf5 22.
Bd3 e4 23.Bxe4 Qe7 24.Qd3 Rae8 25.c5 dxc5 26.Kd1 Qe5 27.Re1 Qb2 28.Ne3 
Bxe3 29.fxe3 c4 30.Rxc4 Qa1+ 31.Kd2 Qb2+ 32.Qc2 Nd6 33.Bxh7+ Kh8 34.Rg4 
Rf2+ 35.Re2 Rxe2+ 36.Kxe2 Qxb5+ 37.Qd3 Qb2+ 38.Kf3 Nf7 39.Kg3 Ne5 40.Qe4 
Nxg4 41.Qxe8+ Kxh7 42.Qe4+ Kg8 43.Kxg4 a4 44.Qxa4 Qg2+ 45.Kf4 Qxd5 1/2-1/2

[Event "zonal 1.9 (w)"]
[Site "Alushta UKR"]
[Date "1999.??.??"]
[Round "?"]
[White "Kalinina, Larisa"]
[Black "Kiseleva, Natalia"]
[Result "0-1"]
[WhiteElo "2235"]
[BlackElo "2316"]
[EventDate "1999.04.27"]
[PlyCount "80"]

1.e4 c5 2.Nf3 e6 3.d3 Nc6 4.g3 g6 5.Bg2 Bg7 6.c3 Nge7 7.h4 h6 8.Be3 b6 9.
O-O d5 10.Qc1 d4 11.cxd4 cxd4 12.Bf4 Ba6 13.Ne1 Rc8 14.Na3 Qd7 15.Qd1 Ne5 
16.Nac2 O-O 17.a4 Bb7 18.Nf3 Nxf3+ 19.Bxf3 f5 20.Ne1 Nc6 21.Bg2 Qe7 22.Qd2
Kh7 23.exf5 gxf5 24.Qe2 e5 25.Bd2 Rce8 26.Rc1 e4 27.dxe4 fxe4 28.Qb5 Qe6 
29.Nd3 exd3 30.Bxc6 Bxc6 31.Rxc6 Qe2 32.Rc7 Qxd2 33.Qd7 Rg8 34.Qf5+ Kh8 
35.Qg6 Re1 36.Rxa7 Rxf1+ 37.Kxf1 Qe2+ 38.Kg2 d2 39.Rxg7 Rxg7 40.Qxh6+ Kg8 
0-1

[Event "zonal 1.9 (w)"]
[Site "Alushta UKR"]
[Date "1999.??.??"]
[Round "?"]
[White "Kalinina, Vladislava"]
[Black "Karlovich, Anastasia"]
[Result "1-0"]
[WhiteElo "2199"]
[BlackElo "2246"]
[EventDate "1999.04.27"]
[PlyCount "61"]

1.e4 e5 2.Nf3 Nc6 3.c3 d5 4.Qa4 f6 5.Bb5 Ne7 6.exd5 Qxd5 7.O-O Bd7 8.d4 e4
9.Nfd2 f5 10.Bc4 Qd6 11.Qc2 Nd5 12.Re1 O-O-O 13.b4 Nf4 14.Bf1 Qh6 15.Nc4 
Bd6 16.g3 Nh3+ 17.Kh1 f4 18.Nxd6+ cxd6 19.Bxh3 Qxh3 20.Bxf4 Bg4 21.Nd2 
Rhe8 22.Re3 h6 23.Nxe4 g5 24.Bxd6 Rxe4 25.Qxe4 Rxd6 26.d5 Nd8 27.f3 Bd7 
28.c4 g4 29.f4 Qh5 30.Qd4 Bc6 31.Qe5 1-0

[Event "zonal 1.9 (w)"]
[Site "Alushta UKR"]
[Date "1999.??.??"]
[Round "?"]
[White "Kalinina, Vladislava"]
[Black "Lymar, Irina"]
[Result "1-0"]
[WhiteElo "2199"]
[BlackElo "2305"]
[EventDate "1999.04.27"]
[PlyCount "47"]

1.e4 c5 2.Nf3 e6 3.d4 cxd4 4.Nxd4 Nc6 5.Nb5 d6 6.Bf4 e5 7.Be3 Be6 8.N1c3 
Nf6 9.Bg5 a6 10.Na3 Nd4 11.Nc4 Rc8 12.Ne3 Qa5 13.Bd3 Nd7 14.O-O f6 15.Bh4 
g6 16.Ned5 Qd8 17.f4 exf4 18.Nxf4 Bh6 19.Ncd5 Bf7 20.Nxf6+ Nxf6 21.Nd5 
Nxd5 22.Bxd8 Ne3 23.Qd2 Ng4 24.Bg5 1-0